<?xml version="1.0" encoding="UTF-8"?>
<record
    xmlns:xsi="http://www.w3.org/2001/XMLSchema-instance"
    xsi:schemaLocation="http://www.loc.gov/MARC21/slim http://www.loc.gov/standards/marcxml/schema/MARC21slim.xsd"
    xmlns="http://www.loc.gov/MARC21/slim">

  <leader>00438nam a22001457a 4500</leader>
  <datafield tag="999" ind1=" " ind2=" ">
    <subfield code="c">531600</subfield>
    <subfield code="d">531600</subfield>
  </datafield>
  <controlfield tag="003">NUST</controlfield>
  <controlfield tag="005">20191021152836.0</controlfield>
  <datafield tag="038" ind1=" " ind2=" ">
    <subfield code="a">Nusrat Nadeem</subfield>
  </datafield>
  <datafield tag="082" ind1=" " ind2=" ">
    <subfield code="a">004 RAB</subfield>
  </datafield>
  <datafield tag="100" ind1=" " ind2=" ">
    <subfield code="a">Dilnawaz Rabab </subfield>
    <subfield code="9">24496</subfield>
  </datafield>
  <datafield tag="245" ind1=" " ind2=" ">
    <subfield code="a">MS/Thesis:Molecular Modeling Strategies to Probe Stereoselectivity of  HIV Protease Inhibitors</subfield>
    <subfield code="c">Rabab Dilnawaz</subfield>
  </datafield>
  <datafield tag="260" ind1=" " ind2=" ">
    <subfield code="a">Islamabad</subfield>
    <subfield code="b">RCMS NUST</subfield>
    <subfield code="c">2019</subfield>
  </datafield>
  <datafield tag="700" ind1=" " ind2=" ">
    <subfield code="4">Dr. Ishrat Jabeen (Supervisor)</subfield>
  </datafield>
  <datafield tag="942" ind1=" " ind2=" ">
    <subfield code="2">ddc</subfield>
    <subfield code="c">THE</subfield>
  </datafield>
  <datafield tag="952" ind1=" " ind2=" ">
    <subfield code="0">0</subfield>
    <subfield code="1">0</subfield>
    <subfield code="2">ddc</subfield>
    <subfield code="4">0</subfield>
    <subfield code="7">0</subfield>
    <subfield code="a">RCMS</subfield>
    <subfield code="b">RCMS</subfield>
    <subfield code="c">THE</subfield>
    <subfield code="d">2019-10-21</subfield>
    <subfield code="l">0</subfield>
    <subfield code="o">004 RAB</subfield>
    <subfield code="p">RCMS003175</subfield>
    <subfield code="r">2019-10-21</subfield>
    <subfield code="w">2019-10-21</subfield>
    <subfield code="y">THE</subfield>
  </datafield>
</record>
